Normal view
MARC view
- Chibber, Lt Gen Dr M L
Entry Personal Name
001 - CONTROL NUMBER
- control field: 107067
003 - CONTROL NUMBER IDENTIFIER
- control field: NUST
005 - DATE AND TIME OF LATEST TRANSACTION
- control field: 20230119115409.0
008 - FIXED-LENGTH DATA ELEMENTS
- fixed length control field: 230119|| aca||aabn | a|a d
040 ## - CATALOGING SOURCE
- Original cataloging agency: NUST
- Transcribing agency: NUST
100 ## - HEADING--PERSONAL NAME
- Personal name: Chibber, Lt Gen Dr M L
670 ## - SOURCE DATA FOUND
- Source citation: Work cat.: (NUST)185713: Chibber, Lt Gen Dr M L , How to Bea Successful Leader / , 1998
